|
|
|
|
| LEADER |
00000nam a22000007a 4500 |
| 005 |
20160613104845.0 |
| 007 |
cr|||| ||u| |
| 008 |
160613s2016 mx ||||| |||| 00||0 spa d |
| 020 |
|
|
|a 978-607-406-817-7
|
| 035 |
|
|
|a 14278
|
| 040 |
|
|
|a vLex
|
| 090 |
|
|
|c 6172
|d 6172
|
| 100 |
1 |
|
|a Ruiz Rojas, Reň
|
| 245 |
1 |
0 |
|a Asamblea de Socios o Accionistas en las Sociedades Mercantiles 2016
|h [Recurso electrn̤ico] /
|c Ren ̌Ruiz Rojas
|
| 256 |
|
|
|a Servicio en ln̕ea
|
| 260 |
|
|
|a Mx̌ico
|b Ediciones Fiscales ISEF
|c 2016
|
| 300 |
|
|
|a 1 recurso electrn̤ico
|
| 500 |
|
|
|a Este libro contiene las normas a que deben sujetarse las sociedades ann̤imas y, en forma automt̀ica, a la comandita por acciones y de responsabilidad limitada, recomendando que los estatutos constitutivos y las disposiciones contenidas en la Ley General de Sociedades Mercantiles representen la base a que deben someterse los socios o accionistas para evitar caer en una serie de errores comunes; no respetar el procedimiento de la asamblea tiene aparejado consecuencias legales.
|
| 506 |
1 |
|
|a Contenido solo disponible en los productos indicados
|d vLex Global
|d vLex Global (Academic Edition, excluding Law Schools)
|d vLex Global (U.S. Academic Edition, Law Schools)
|d vLex Global (U.S. Academic Edition, excluding Law Schools)
|d vLex Global (Academic Edition, Law Schools)
|
| 650 |
0 |
4 |
|a Sociedades
|z Mx̌ico
|
| 740 |
0 |
|
|a vLex libros en ln̕ea
|
| 856 |
4 |
0 |
|u http://vlex.com/source/asamblea-de-socios-o-accionistas-en-las-sociedades-mercantiles-2016-14278
|z Acceso restringido
|
| 942 |
|
|
|c BOOK
|
| 999 |
0 |
|
|a Corporations
|b Mexic
|